000
00191 a2200097 4500
001
7592
100
_a
Wilkins,
245
_a
Aeroplane design
260
_a
_b
Griffin
_c
090
_c
6079
_d
6079
942
_a
NUST-CAE
_c
M
_c
32577
999
_c
242665
_d
242665